000 00294nam a22001337a 4500
008 170718b xxu||||| |||| 00| 0 eng d
020 _a9781400041237
041 _aeng
080 _a821
100 _a22
101 _aGJL
245 _aAMERICAN WOMEN WRITERS
_cSHOWALTER, E
942 _2udc
_cBK
999 _c21444
_d21444